000 00307nam a2200133Ia 4500
008 150201s2006 xx 000 0 und d
082 _a610
_bM06P
100 _aPANDA,UN
245 _aMEDCINE PEARLS
250 _a1ST
260 _bAITBS
_aDELHI
_c2006
650 _aMEDICINE AND DIAGNOSIS
942 _2ddc
_cBK
_04
999 _c726
_d726